[Event "ISR-chT"]
[Site "Israel"]
[Date "2025.03.07"]
[Round "11.4"]
[White "Soffer, Ram"]
[Black "Zanan, Evgeny"]
[Result "1/2-1/2"]
[WhiteElo "2419"]
[BlackElo "2435"]
[PlyCount "31"]
[EventDate "2025.01.08"]
[EventType "team-tourn"]
[EventRounds "11"]
[EventCountry "ISR"]
[SourceTitle "CB12_2025"]
[SourceDate "2025.03.19"]
[SourceVersion "1"]
[SourceVersionDate "2025.03.19"]
[SourceQuality "1"]
[WhiteTeam "Herzliya CC"]
[BlackTeam "Rishon Le Zion Feldklein"]
[WhiteTeamCountry "ISR"]
[BlackTeamCountry "ISR"]

1. Nf3 d5 2. e3 c5 3. b3 Nf6 4. Bb2 g6 5. c4 dxc4 6. Bxc4 Bg7 7. 0-0 0-0 8. d4 cxd4 9. Nxd4 Bd7 10. Nd2 Nc6 11. N2f3 Qa5 12. a3 Nxd4 13. Bxd4 Bb5 14. b4 Qa6 15. Bxb5 Qxb5 16. Qb3 1/2-1/2

[Event "ISR-chT"]
[Site "Israel"]
[Date "2025.02.28"]
[Round "9.4"]
[White "Bar, Roman"]
[Black "Soffer, Ram"]
[Result "0-1"]
[WhiteElo "2458"]
[BlackElo "2419"]
[PlyCount "130"]
[EventDate "2025.01.08"]
[EventType "team-tourn"]
[EventRounds "11"]
[EventCountry "ISR"]
[SourceTitle "CB12_2025"]
[SourceDate "2025.03.19"]
[SourceVersion "1"]
[SourceVersionDate "2025.03.19"]
[SourceQuality "1"]
[WhiteTeam "Petach Tikva II"]
[BlackTeam "Herzliya CC"]
[WhiteTeamCountry "ISR"]
[BlackTeamCountry "ISR"]

1. e4 e5 2. Nf3 Nc6 3. Bb5 a6 4. Ba4 Nf6 5. Nc3 Be7 6. 0-0 d6 7. Bxc6+ bxc6 8. d4 exd4 9. Nxd4 Bd7 10. h3 0-0 11. Qf3 Re8 12. Bf4 c5 13. Nf5 Bxf5 14. exf5 Rb8 15. b3 Nd7 16. Rad1 Bf6 17. Ne4 a5 18. Rfe1 a4 19. Nxf6+ Qxf6 20. Qc6 Qxf5 21. Qxc7 Nf6 22. Qxd6 Qxc2 23. Qxb8 Rxb8 24. Bxb8 h6 25. Rc1 Qxa2 26. bxa4 Qxa4 27. Rxc5 Kh7 28. Bh2 Qa2 29. Rce5 Nd7 30. R5e2 Qc4 31. Bd6 Qd5 32. Ba3 Qb3 33. Re3 Qa2 34. Re7 Nf8 35. Bc1 Ng6 36. R7e4 Qc2 37. R4e2 Qc6 38. Re4 Qc2 39. Ba3 Qa2 40. Bd6 Qd5 41. Bg3 Qa2 42. Rb4 Qd2 43. Reb1 f5 44. h4 f4 45. h5 fxg3 46. hxg6+ Kxg6 47. Rg4+ Kh7 48. Rxg3 Qc2 49. Re1 Qd2 50. Re7 Qd1+ 51. Kh2 Qh5+ 52. Rh3 Qc5 53. Rhe3 Qh5+ 54. Kg1 Qd1+ 55. Re1 Qd2 56. Rb1 Qc2 57. Ree1 Qd2 58. Red1 Qc2 59. Rbc1 Qa4 60. Rd3 Qa7 61. Re1 Qb7 62. Rf3 Qb4 63. Re8 Qb1+ 64. Kh2 Qg6 65. Re7 Qd6+ 0-1

[Event "ISR-chT"]
[Site "Israel"]
[Date "2025.02.14"]
[Round "7.4"]
[White "Alekseev, Evgeny V"]
[Black "Soffer, Ram"]
[Result "1/2-1/2"]
[WhiteElo "2505"]
[BlackElo "2419"]
[PlyCount "54"]
[EventDate "2025.01.08"]
[EventType "team-tourn"]
[EventRounds "11"]
[EventCountry "ISR"]
[SourceTitle "CB08_2025"]
[SourceDate "2025.02.19"]
[SourceVersion "1"]
[SourceVersionDate "2025.02.19"]
[SourceQuality "1"]
[WhiteTeam "Ashdod"]
[BlackTeam "Herzliya CC"]
[WhiteTeamCountry "ISR"]
[BlackTeamCountry "ISR"]

1. e4 e5 2. Nf3 Nc6 3. Bc4 Nf6 4. d3 Be7 5. 0-0 0-0 6. Bb3 d6 7. c3 Na5 8. Bc2 c5 9. h3 Nc6 10. d4 cxd4 11. cxd4 d5 12. dxe5 Nxe4 13. Nc3 Nxc3 14. bxc3 Be6 15. Nd4 Nxd4 16. cxd4 f5 17. exf6 Bxf6 18. Bf4 Qd7 19. Be5 Bxe5 20. dxe5 d4 21. Qd3 Bf5 22. Qc4+ Be6 23. Qe2 Rac8 24. Rad1 Rc3 25. Bd3 Qd5 26. Rd2 g6 27. Re1 Qc5 1/2-1/2

[Event "ISR-chT"]
[Site "Israel"]
[Date "2025.01.18"]
[Round "4.4"]
[White "Soffer, Ram"]
[Black "Kargin, Arseny"]
[Result "1/2-1/2"]
[WhiteElo "2419"]
[BlackElo "2364"]
[PlyCount "32"]
[EventDate "2025.01.08"]
[EventType "team-tourn"]
[EventRounds "11"]
[EventCountry "ISR"]
[SourceTitle "CB08_2025"]
[SourceDate "2025.02.19"]
[SourceVersion "1"]
[SourceVersionDate "2025.02.19"]
[SourceQuality "1"]
[WhiteTeam "Herzliya CC"]
[BlackTeam "Beer Sheva II"]
[WhiteTeamCountry "ISR"]
[BlackTeamCountry "ISR"]

1. e4 c5 2. Nf3 d6 3. Bb5+ Nd7 4. 0-0 a6 5. Bd3 Ngf6 6. c3 b5 7. Bc2 Bb7 8. Re1 c4 9. b3 e6 10. Qe2 Qc7 11. a4 cxb3 12. Bxb3 Nc5 13. Bc2 Nxa4 14. Bxa4 bxa4 15. d3 Be7 16. c4 0-0 1/2-1/2

[Event "ISR-chT"]
[Site "Israel"]
[Date "2025.01.08"]
[Round "1.4"]
[White "Prozhanski, Genrik"]
[Black "Soffer, Ram"]
[Result "1/2-1/2"]
[WhiteElo "2258"]
[BlackElo "2419"]
[PlyCount "44"]
[EventDate "2025.01.08"]
[EventType "team-tourn"]
[EventRounds "11"]
[EventCountry "ISR"]
[SourceTitle "CB08_2025"]
[SourceDate "2025.02.19"]
[SourceVersion "1"]
[SourceVersionDate "2025.02.19"]
[SourceQuality "1"]
[WhiteTeam "Netanya"]
[BlackTeam "Herzliya CC"]
[WhiteTeamCountry "ISR"]
[BlackTeamCountry "ISR"]

1. d4 d5 2. c4 e6 3. Nc3 c5 4. cxd5 exd5 5. Nf3 Nc6 6. g3 Nf6 7. Bg2 cxd4 8. Nxd4 Bc5 9. Nb3 Bb6 10. 0-0 d4 11. Na4 0-0 12. Bg5 h6 13. Nxb6 axb6 14. Bxc6 bxc6 15. Bxf6 Qxf6 16. Qxd4 Rd8 17. Qxf6 gxf6 18. Rfc1 Be6 19. Kf1 Ra4 20. Ke1 Rda8 21. Rc3 Rxa2 22. Rxa2 Rxa2 1/2-1/2

[Event "Krakow op-A 35th"]
[Site "Krakow"]
[Date "2024.12.29"]
[Round "3"]
[White "Madej, Marek"]
[Black "Soffer, Ram"]
[Result "1/2-1/2"]
[WhiteElo "2116"]
[BlackElo "2423"]
[PlyCount "40"]
[EventDate "2024.12.27"]
[EventType "swiss"]
[EventRounds "9"]
[EventCountry "POL"]
[SourceTitle "CB02_2025"]
[SourceDate "2025.01.08"]
[SourceVersion "1"]
[SourceVersionDate "2025.01.08"]
[SourceQuality "1"]

1. e4 e5 2. Nf3 Nc6 3. Nc3 Nf6 4. Bb5 Bd6 5. 0-0 0-0 6. a4 a6 7. Bc4 Bc5 8. h3 d6 9. d3 h6 10. Re1 Re8 11. Be3 Bxe3 12. Rxe3 Nd4 13. Nd5 Nxd5 14. Bxd5 c6 15. Ba2 Nxf3+ 16. Qxf3 Be6 17. Bxe6 Rxe6 18. Re2 b5 19. Qe3 Re8 20. Ree1 c5 1/2-1/2

[Event "Ramat Gan Dov Porat Rapid op"]
[Site "Ramat Gan"]
[Date "2023.10.05"]
[Round "9"]
[White "Soffer, Ram"]
[Black "Noy, Eyal"]
[Result "1-0"]
[WhiteElo "2444"]
[BlackElo "2077"]
[PlyCount "136"]
[EventDate "2023.10.04"]
[EventType "swiss (rapid)"]
[EventRounds "9"]
[EventCountry "ISR"]
[SourceTitle "CBM 216 Extra"]
[Source "ChessBase"]
[SourceDate "2023.11.30"]
[SourceVersion "1"]
[SourceVersionDate "2023.11.30"]
[SourceQuality "1"]

1. a3 Nf6 2. b4 a5 3. Bb2 e6 4. b5 d5 5. e3 c5 6. Nf3 Bd6 7. c4 Nbd7 8. d4 dxc4 9. Nbd2 Nb6 10. Nxc4 Nxc4 11. Bxc4 0-0 12. 0-0 b6 13. dxc5 Bxc5 14. Qxd8 Rxd8 15. Rfd1 Bb7 16. Ne5 Ne4 17. Be2 f6 18. Nd7 Bd5 19. Nxc5 Nxc5 20. Rac1 Na4 21. Bd4 e5 22. Bxe5 fxe5 23. Rxd5 Rxd5 24. Bc4 Rad8 25. e4 Nc5 26. Bxd5+ Kf8 27. g3 Ke7 28. Kg2 Rf8 29. Rc3 Kd6 30. Kf1 Rf6 31. Ke2 Ke7 32. h4 Kd6 33. Ke3 Rg6 34. Rc1 Ke7 35. Rh1 h6 36. h5 Rg5 37. Kf3 Kd6 38. Bc4 Ke7 39. g4 Nd7 40. Rh4 Nf6 41. Be2 Kd6 42. Ke3 Ke7 43. f3 Nd7 44. Rh1 Nc5 45. Bc4 Nd7 46. Bg8 Nf6 47. Bd5 Nd7 48. Rd1 g6 49. hxg6 Rxg6 50. Rh1 Rf6 51. Rh5 Kd6 52. Bb7 Nc5 53. Bc8 Nb3 54. Bf5 Nc5 55. Rh1 Ke7 56. f4 exf4+ 57. Kxf4 Nd3+ 58. Ke3 Ne5 59. Rc1 Rd6 60. a4 Kf6 61. Rc7 Rd3+ 62. Ke2 Rd6 63. Rb7 Nc4 64. Rc7 Ne5 65. Rc3 Kg5 66. Ke3 Rd1 67. Ke2 Rd4 68. Rh3 Nxg4 1-0